Statistics for April Fools' Quiz #2

Click here to take the quiz!

General Stats

  • This quiz has been taken 46,396 times
    (23,620 since last reset)
  • The average score is 13 of 20

Answer Stats

QuestionAnswer% Correct
What type of fruit do many people miscategorize as a vegetable?Tomato
97%
What famous horror monster was brought to life by a mad doctor?Frankenstein
87%
Who signed an executive order banning Muslim immigration to the United States?Donald Trump
84%
What does the average man think about once every seven seconds?Sex
81%
What type of animal becomes enraged it it sees the color red?Bull
79%
What beverage company created the modern image of Santa Claus?Coca-Cola
78%
What common device has been show to cause brain cancer?Cell Phones
76%
What type of bird hides its head in the sand when threatened?Ostrich
76%
What Italian leader was mostly bad, but at least made the trains run on time?Benito Mussolini
72%
What ancient civilization predicted that the world would end in 2012?The Mayans
69%
What is the national animal of Canada?Moose
68%
In what sea would you find the countries of Bermuda and Bahamas?Caribbean Sea
63%
What is 2 + 3 * 5 + 6?31
60%
What famous traveler brought noodles from China to Italy?Marco Polo
54%
What is the biggest country that starts with the letter A?America
51%
What famous composer was killed by Antonio Salieri?Wolfgang Mozart
48%
What politically-correct term was devised by atheists to "take the Christ out of Christmas"?X-mas
46%
According to science, what flying animal shouldn't be able to?Bumblebee
43%
What sweetener, found in Diet Coke, has been shown to cause cancer?Aspartame
39%
What Christmas plant can kill a cat or dog who eats it?Poinsettia
34%

Score Distribution

Percentile by Number Answered

Percent of People with Each Score

Your Score History

You have not taken this quiz since the last reset